| 000 | 00367nam a2200145Ia 4500 | ||
|---|---|---|---|
| 008 | 230917s9999||||xx |||||||||||||| ||und|| | ||
| 040 |
_e186489 _aMAIN |
||
| 041 | _aEnglish | ||
| 082 | _a294.09 A84B | ||
| 100 | _aArun | ||
| 245 | 0 | _aBharat ki teesari dharmik kranti: Jan jagaran | |
| 260 |
_aNew Delhi _bYash Publications _c2005 |
||
| 300 | _a452 p. | ||
| 942 | _cBK | ||
| 999 |
_c133782 _d133782 |
||